[Event "POL-chT U20 2nd League"]
[Site "Szczyrk"]
[Date "2017.07.26"]
[Round "7.86"]
[White "Jaszczuk, Mateusz"]
[Black "Matloka, Milosz"]
[Result "1/2-1/2"]
[WhiteElo "1472"]
[BlackElo "1300"]
[PlyCount "73"]
[EventDate "2017.07.22"]
[EventType "team-swiss"]
[EventRounds "11"]
[EventCountry "POL"]
[SourceTitle "EXT 2019"]
[Source "ChessBase"]
[SourceDate "2018.10.10"]
[SourceVersion "1"]
[SourceVersionDate "2018.10.10"]
[SourceQuality "1"]

1. c4 e6 2. Nc3 Nf6 3. g3 Be7 4. Bg2 Nc6 5. e4 0-0 6. Nge2 b6 7. 0-0 Bb7 8. d3 e5 9. h3 Bc5 10. Kh1 Nd4 11. f4 d6 12. fxe5 dxe5 13. Nxd4 exd4 14. Nd5 Nxd5 15. exd5 f5 16. Bf4 Bd6 17. Qd2 Qf6 18. Rae1 Rae8 19. Re2 Re7 20. Rxe7 Qxe7 21. Re1 Qd7 22. Qe2 Bxf4 23. gxf4 g6 24. Qe5 Qg7 25. Qxg7+ Kxg7 26. Re7+ Rf7 27. Rxf7+ Kxf7 28. b4 Ke8 29. Kh2 a6 30. Kg3 Kd7 31. a4 b5 32. axb5 axb5 33. c5 Bc8 34. h4 h5 35. d6 cxd6 36. c6+ Kc7 37. Bd5 1/2-1/2

[Event "POL-chT U20 2nd League"]
[Site "Szczyrk"]
[Date "2017.07.22"]
[Round "1.86"]
[White "Matloka, Milosz"]
[Black "Lichorad, Mateusz"]
[Result "1-0"]
[WhiteElo "1300"]
[BlackElo "1667"]
[PlyCount "107"]
[EventDate "2017.07.22"]
[EventType "team-swiss"]
[EventRounds "11"]
[EventCountry "POL"]
[SourceTitle "EXT 2019"]
[Source "ChessBase"]
[SourceDate "2018.10.10"]
[SourceVersion "1"]
[SourceVersionDate "2018.10.10"]
[SourceQuality "1"]

1. e4 c5 2. Nf3 e6 3. d4 cxd4 4. Nxd4 Nc6 5. Be3 Nf6 6. Nd2 Be7 7. Be2 d5 8. Bf3 0-0 9. 0-0 e5 10. Nxc6 bxc6 11. c3 Be6 12. Re1 Qc7 13. Bg5 Rfd8 14. Qc2 Re8 15. Rad1 Rad8 16. Nb3 h6 17. Bh4 dxe4 18. Bxe4 Rxd1 19. Rxd1 Nxe4 20. Bxe7 Qxe7 21. Qxe4 Bd5 22. Qa4 Qg5 23. Rxd5 Re6 24. Rd1 e4 25. Qd4 Kh7 26. Re1 f5 27. Nc5 Rg6 28. g3 h5 29. b4 h4 30. Qe3 Qg4 31. Kh1 hxg3 32. fxg3 Qh3 33. Rg1 Rh6 34. Rg2 Kh8 35. Qf4 e3 36. Qxe3 Qg4 37. Qe2 Qg5 38. Nd3 Qf6 39. Qe5 Qf7 40. Nf4 Qd7 41. Qd4 Rd6 42. Qe3 Rh6 43. Rd2 Qb7 44. Kg1 a5 45. Qe5 axb4 46. cxb4 Qb6+ 47. Kh1 c5 48. Qxc5 Qb7+ 49. Kg1 Qe4 50. Re2 Qb1+ 51. Kg2 Kh7 52. Qc2 Qxb4 53. Qxf5+ g6 54. Qf7+ 1-0

[Event "POL-chT U19 Wielkopolskie"]
[Site "Poland"]
[Date "2016.04.03"]
[Round "9.3"]
[White "Matloka, Milosz"]
[Black "Skurniak, Szymon"]
[Result "0-1"]
[WhiteElo "1355"]
[BlackElo "1630"]
[PlyCount "104"]
[EventDate "2016.02.13"]
[EventType "team-tourn"]
[EventRounds "9"]
[EventCountry "POL"]
[SourceTitle "EXT 2019"]
[Source "ChessBase"]
[SourceDate "2018.10.10"]
[SourceVersion "1"]
[SourceVersionDate "2018.10.10"]
[SourceQuality "1"]

1. e4 c5 2. Nf3 a6 3. d4 cxd4 4. Nxd4 Nf6 5. Bd3 Nc6 6. Be3 g6 7. 0-0 Qc7 8. Qd2 Bg7 9. f3 Nxd4 10. Bxd4 Ng4 11. e5 Nxe5 12. c3 0-0 13. Kh1 d6 14. Qe2 Nxd3 15. Qxd3 Bf5 16. Qe2 Bxd4 17. cxd4 Bxb1 18. Raxb1 Rac8 19. Rfe1 e6 20. h3 Qc4 21. Qxc4 Rxc4 22. Red1 Rfc8 23. f4 Kg7 24. Kh2 d5 25. Kg3 Kf6 26. Kf3 Rc2 27. a3 h5 28. Rd3 b5 29. h4 R8c4 30. b4 R4c3 31. Rbd1 Rc4 32. Kg3 Re2 33. Kf3 Rcc2 34. Rg1 Rf2+ 35. Kg3 Kf5 36. Re3 f6 37. Rf3 Rxf3+ 38. gxf3 Rc3 39. Ra1 Rd3 40. a4 Rxd4 41. axb5 axb5 42. Rb1 Rxf4 43. Rb3 Rc4 44. Rb1 d4 45. Rb2 d3 46. Rb3 d2 47. Rb1 Rc1 48. Rxc1 dxc1Q 49. f4 Qf1 50. Kh2 Kg4 51. f5 Kf3 52. fxe6 Qg2# 0-1

[Event "POL-chT U19 Wielkopolskie"]
[Site "Poland"]
[Date "2016.02.14"]
[Round "4.15"]
[White "Lorenz, Rafal"]
[Black "Matloka, Milosz"]
[Result "0-1"]
[WhiteElo "1266"]
[BlackElo "1355"]
[PlyCount "50"]
[EventDate "2016.02.13"]
[EventType "team-tourn"]
[EventRounds "9"]
[EventCountry "POL"]
[SourceTitle "EXT 2019"]
[Source "ChessBase"]
[SourceDate "2018.10.10"]
[SourceVersion "1"]
[SourceVersionDate "2018.10.10"]
[SourceQuality "1"]

1. e4 c5 2. Nc3 e6 3. Bc4 a6 4. a4 Nc6 5. d3 Nf6 6. f4 d5 7. exd5 exd5 8. Qe2+ Be7 9. Bb3 0-0 10. Nf3 Re8 11. 0-0 c4 12. Ne5 cxb3 13. cxb3 Nd4 14. Qf2 Nxb3 15. Rb1 Bc5 16. Be3 d4 17. Nd1 dxe3 18. Nxe3 Nd5 19. Qe2 Bxe3+ 20. Kh1 Bxf4 21. Rfd1 Rxe5 22. Qf2 Rh5 23. h3 Bxh3 24. gxh3 Rxh3+ 25. Kg2 Rh2+ 0-1

[Event "POL-chT U19 Wielkopolskie"]
[Site "Poland"]
[Date "2016.02.13"]
[Round "1.27"]
[White "Matloka, Milosz"]
[Black "Lewandowski, Witold"]
[Result "0-1"]
[WhiteElo "1355"]
[BlackElo "1416"]
[PlyCount "70"]
[EventDate "2016.02.13"]
[EventType "team-tourn"]
[EventRounds "9"]
[EventCountry "POL"]
[SourceTitle "EXT 2019"]
[Source "ChessBase"]
[SourceDate "2018.10.10"]
[SourceVersion "1"]
[SourceVersionDate "2018.10.10"]
[SourceQuality "1"]

1. e4 c5 2. Nf3 g6 3. d4 cxd4 4. Nxd4 Nc6 5. Nc3 Bg7 6. Be3 Nf6 7. f3 0-0 8. Qd2 d5 9. Nxc6 bxc6 10. 0-0-0 Be6 11. Qf2 Qc7 12. Be2 Qb7 13. Bd4 Rfc8 14. Na4 Nd7 15. Bxg7 Kxg7 16. Qd4+ Kg8 17. Nc5 Nxc5 18. Qxc5 Rab8 19. Qa3 Qb4 20. Qxb4 Rxb4 21. a3 Rb6 22. exd5 cxd5 23. Rd4 Rcb8 24. b3 Rc8 25. Bd3 Rxb3 26. Ra4 Rxd3 27. Rxa7 Rdc3 28. Kb1 Rxc2 29. Rxe7 Bf5 30. Ka1 Rxg2 31. a4 Rcc2 32. Kb1 Rce2+ 33. Kc1 Rxe7 34. Kd1 Rb7 35. a5 Rb1# 0-1